000 00704nam a2200181Ia 4500
008 090124s9999 xx 000 0 und d
082 _b26666
_a2913
100 _aसवाईकर वा. के. (सवाईकर वासुदेव केशव)
245 _a आनंद संप्रदाय
250 _a1
260 _c1991
300 _a138
600 _aसवाईकर वा. के. (सवाईकर वासुदेव केशव)
630 _a आनंद संप्रदाय
700 _aसवाईकर वा. के. (सवाईकर वासुदेव केशव)
730 _a आनंद संप्रदाय
942 _cBOOK
999 _c140138
_d140138